Дело об иностранцах, вступающих в русское подданство

Доступно только в Электронных читальных залах Найти на картеНа карте
RUSMARC
00003665nmc2a22000003x 450
001d643a796-4b5d-49a5-a5e7-5aa7d6d4e264
00520200128180129.0
100##$a20180615l18591863k l0rusy0189 ca
1010#$arus
102##$aRU
2001#$aДело об иностранцах, вступающих в русское подданство
$j7 февраля 1859 г. - 19 июля 1863 г.
251##$cДело
300##$aДело
801#0$aRU
$bРГИА
$c20180615
$gRCR
801#1$aRU
$bГлавНИВЦ
$c20180615
$2rusmarc
801#2$aRU
$bПБ им. Б.Н. Ельцина
$c20200128
$gRCR
$2rusmarc
850##$aРГИА
852##$aРГИА
$eФедеральное казенное учреждение "Российский государственный исторический архив" (РГИА)
$j343
937##$hРГИА
$d12280546
$aASBIBLIO_SCAN
462#0$1001d19c2cf6-b766-4575-a5cf-1d8438615c93
$12001
$aДела Департамента полиции исполнительной МВД за 1859 год
$1251
$cОпись
$1852
$j20
$l1859 г.
461#0$10013e300ed0-cd39-49af-8489-5ba5b90fa401
$12001
$aДепартамент полиции исполнительной МВД
$1251
$cФонд
$1852
$j1286
215##$a103 л.
$d36,5х26 см
371##$aДокумент не является опубликованным и широко распространяемым
105##$ay###
1222#$ad
035##$ad643a796-4b5d-49a5-a5e7-5aa7d6d4e264
856##$uhttp://readingroom.main.prlib.ru/item.aspx?id_node=n137720695&mode=full
Формат отображения